| 000 | 01256nam0a22003011 4500 | ||
|---|---|---|---|
| 001 | rc\83956 | ||
| 005 | 20021216131529.9 | ||
| 035 | _a(NLR Aleph) 005352561 | ||
| 090 |
_a6812817 _c6812817 |
||
| 100 | _a20021216d1992 u |0rusy50 ca | ||
| 101 | 0 | _arus | |
| 102 | _aRU | ||
| 105 | _ay ||||||||| | ||
| 200 | 1 |
_aПИЛИЧ-РАКИЧ В. Теневая экономика _f[К. ист. н. Е.Б. Калоева _gРед. д. ист. н. Е.Ю. Гуськова] |
|
| 210 |
_aМ. _cИНИОН _d1992 |
||
| 215 |
_a22 с. _d20 |
||
| 225 | 1 |
_aСпециализированная информация _fРос. акад. наук. ИНИОН _v№ 22/120 |
|
| 300 | _aСведения о реф. изд.: Ekonomija u senci / Pilic-Rakis V. Tuzla: Univerzal, 1990. - 180 с. - 100 экз | ||
| 605 |
_aТеневая экономика _2psbo |
||
| 701 | 1 |
_aКалоева _bЕ. Б. |
|
| 702 | 1 |
_aПилич-Ракич _bВ. _4100 |
|
| 702 | 1 |
_aГуськова _bЕ. Ю. _gЕлена Юрьевна _4340 |
|
| 712 | 0 | 2 |
_aИнститут науч. информации по общественным наукам _cМосква _3RU\NLR\AUTH\88992 |
| 801 | 0 |
_aRU _bNLR _gpsbo |
|
| 801 | 1 |
_aRU _bELAR _2rusmarc |
|
| 852 |
_aNLR _j92-4/434 |
||
| 942 | _cBOOK | ||
| 980 | _aNB | ||